[Event "South Wales International Open"]
[Site "Bridgend"]
[Date "2022.07.11"]
[Round "8.19"]
[White "Arkell, Keith C"]
[Black "Maksimenko, Andrei"]
[Result "1/2-1/2"]
[WhiteElo "2400"]
[BlackElo "2434"]
[PlyCount "21"]
[EventDate "2022.07.07"]
[EventRounds "9"]
[EventCountry "WLS"]

1. d4 Nf6 2. Nf3 d5 3. c4 e6 4. cxd5 exd5 5. Nc3 c6 6. Qc2 Be7 7. Bg5 g6 8. e3
Bf5 9. Bd3 Bxd3 10. Qxd3 Nbd7 11. Bh6 1/2-1/2

[Event "South Wales International Open"]
[Site "Bridgend"]
[Date "2022.07.11"]
[Round "8.20"]
[White "Harding, Gareth"]
[Black "Fowler, Caspian"]
[Result "0-1"]
[WhiteElo "1808"]
[BlackElo "1483"]
[PlyCount "98"]
[EventDate "2022.07.07"]
[EventRounds "9"]
[EventCountry "WLS"]

1. d4 Nf6 2. Nf3 g6 3. Bg5 Ne4 4. Bf4 Bg7 5. e3 d5 6. Nbd2 c5 7. c3 cxd4 8.
exd4 Nxd2 9. Qxd2 Nc6 10. Bh6 O-O 11. h4 Bf5 12. Qf4 e5 13. dxe5 Nxe5 14. Bxg7
Nxf3+ 15. gxf3 Kxg7 16. Qd4+ Qf6 17. Qxf6+ Kxf6 18. Kd2 Rfe8 19. Bb5 Re5 20.
Rhe1 d4 21. Rxe5 dxc3+ 22. bxc3 Kxe5 23. Ke3 Rc8 24. f4+ Kf6 25. Rc1 Rc5 26.
Bd3 Ra5 27. Rc2 Bxd3 28. Kxd3 Kf5 29. f3 Kxf4 30. Ke2 Re5+ 31. Kf2 Re3 32. Kg2
Rxf3 33. Rb2 b6 34. Rb4+ Ke3 35. c4 Rf2+ 36. Kg3 Rxa2 37. Rb3+ Kd4 38. Rf3 f5
39. Rf4+ Kc5 40. h5 gxh5 41. Kh4 Rc2 42. Rxf5+ Kxc4 43. Rf4+ Kb5 44. Kxh5 a5
45. Kh6 a4 46. Rf3 Kb4 47. Rf6 b5 48. Ra6 a3 49. Kxh7 a2 0-1

[Event "South Wales International Open"]
[Site "Bridgend"]
[Date "2022.07.11"]
[Round "8.22"]
[White "Williams, Ron"]
[Black "Emblem, Mark"]
[Result "1-0"]
[WhiteElo "1589"]
[BlackElo "1437"]
[PlyCount "78"]
[EventDate "2022.07.07"]
[EventRounds "9"]
[EventCountry "WLS"]

1. f4 d5 2. Nf3 c5 3. e3 g6 4. Be2 Bg7 5. d3 Nf6 6. O-O O-O 7. Nc3 Nc6 8. e4
dxe4 9. dxe4 e5 10. fxe5 Ng4 11. Bf4 Ngxe5 12. Nxe5 Nxe5 13. Nd5 Be6 14. c3 f5
15. Bxe5 Bxe5 16. Nf4 Bxf4 17. Rxf4 Qc7 18. Qd2 Rad8 19. Qe3 Qb6 20. b4 Rc8 21.
exf5 Bxf5 22. Bc4+ Kh8 23. Qe5+ Qf6 24. Qxf6+ Rxf6 25. g4 Bd3 26. Rxf6 Bxc4 27.
a3 a6 28. Rc1 Bb5 29. Re1 Kg7 30. Rf3 Kg8 31. g5 Kg7 32. Re7+ Kg8 33. Rff7 Bc6
34. Rg7+ Kf8 35. Rxh7 Kg8 36. Rhg7+ Kh8 37. Rh7+ Kg8 38. Reg7+ Kf8 39. Rxg6 Re8
1-0

[Event "South Wales International Open"]
[Site "Bridgend"]
[Date "2022.07.12"]
[Round "9.1"]
[White "Camacho Collados, Jose"]
[Black "Wells, Peter K"]
[Result "0-1"]
[WhiteElo "2410"]
[BlackElo "2379"]
[PlyCount "86"]
[EventDate "2022.07.07"]
[EventRounds "9"]
[EventCountry "WLS"]

1. Nf3 c5 2. g3 Nc6 3. Bg2 g6 4. c4 Bg7 5. Nc3 d6 6. O-O e6 7. e3 Nge7 8. d4
O-O 9. Rb1 cxd4 10. exd4 d5 11. b3 Nf5 12. Bg5 Qd6 13. Bf4 Qd8 14. Bg5 Qd6 15.
c5 Qd7 16. Ne2 a5 17. a3 b5 18. b4 axb4 19. axb4 h6 20. Bf4 g5 21. Ne5 Nxe5 22.
Bxe5 f6 23. g4 fxe5 24. gxf5 e4 25. fxe6 Qxe6 26. Qb3 Kh8 27. Rbd1 Bd7 28. Rc1
Bc6 29. Qg3 Ra2 30. Rfe1 Qf7 31. Ra1 Rfa8 32. Rxa2 Rxa2 33. Qb3 Bxd4 34. Kh1
Qxf2 35. Rf1 Qxe2 36. Qh3 Kg7 37. Qg3 Qxg2+ 38. Qxg2 Rxg2 39. Kxg2 Bc3 40. Rf2
d4 41. Ra2 e3+ 42. Kg3 d3 43. Ra7+ Kf8 0-1

[Event "South Wales International Open"]
[Site "Bridgend"]
[Date "2022.07.12"]
[Round "9.2"]
[White "Maksimenko, Andrei"]
[Black "Hill, Alistair"]
[Result "1/2-1/2"]
[WhiteElo "2434"]
[BlackElo "2190"]
[PlyCount "34"]
[EventDate "2022.07.07"]
[EventRounds "9"]
[EventCountry "WLS"]

1. Nf3 Nf6 2. c4 c5 3. Nc3 d5 4. cxd5 Nxd5 5. e3 Nxc3 6. bxc3 g6 7. h4 h5 8.
Bb5+ Nd7 9. Ba3 Qc7 10. O-O Bg7 11. d4 a6 12. Be2 O-O 13. Ng5 b5 14. Rc1 Bb7
15. dxc5 Ne5 16. c4 bxc4 17. Qc2 Qa5 1/2-1/2

[Event "South Wales International Open"]
[Site "Bridgend"]
[Date "2022.07.12"]
[Round "9.3"]
[White "Rudd, Jack"]
[Black "Brown, Thomas"]
[Result "1-0"]
[WhiteElo "2331"]
[BlackElo "2194"]
[PlyCount "65"]
[EventDate "2022.07.07"]
[EventRounds "9"]
[EventCountry "WLS"]

1. d4 Nf6 2. c4 g6 3. Nc3 Bg7 4. e4 d6 5. Be2 O-O 6. Bg5 c5 7. d5 e6 8. Nf3
exd5 9. cxd5 h6 10. Bf4 g5 11. Bg3 Nh5 12. Nd2 Nxg3 13. hxg3 f5 14. Nc4 Bxc3+
15. bxc3 Qf6 16. exf5 Bxf5 17. Qd2 Nd7 18. Ne3 Rae8 19. O-O-O Qg7 20. Nxf5 Rxf5
21. Bg4 Rf6 22. Be6+ Kh8 23. Bxd7 Qxd7 24. Qxg5 Qg7 25. Qxg7+ Kxg7 26. f3 Re2
27. Rd2 Rxd2 28. Kxd2 Rf5 29. c4 b5 30. cxb5 Rxd5+ 31. Kc2 Rd4 32. Rh4 Rd5 33.
Ra4 1-0

[Event "South Wales International Open"]
[Site "Bridgend"]
[Date "2022.07.12"]
[Round "9.4"]
[White "Nilsson, Joakim"]
[Black "Smith, Olivia"]
[Result "1/2-1/2"]
[WhiteElo "2213"]
[BlackElo "2038"]
[PlyCount "89"]
[EventDate "2022.07.07"]
[EventRounds "9"]
[EventCountry "WLS"]

1. Nf3 Nf6 2. d4 c5 3. d5 g6 4. Nc3 Bg7 5. e4 d6 6. Be2 O-O 7. O-O a6 8. a4 b6
9. Nd2 e6 10. Nc4 Ne8 11. f4 Nd7 12. Kh1 e5 13. f5 Bb7 14. fxg6 fxg6 15. Bg4
Rxf1+ 16. Qxf1 Nf8 17. Be3 Bc8 18. Bxc8 Rxc8 19. Qf2 Rc7 20. Qd2 Rf7 21. Ne2
Qc7 22. b4 Nf6 23. Ng3 Ng4 24. bxc5 bxc5 25. Rf1 Rxf1+ 26. Nxf1 Nd7 27. h3 Nxe3
28. Qxe3 Nf6 29. Nfd2 Nh5 30. g3 Qd7 31. Kg2 h6 32. Qb3 Kh7 33. a5 Nf6 34. Qd3
h5 35. Nb6 Qb7 36. Ndc4 Bf8 37. Qf3 Kg7 38. g4 hxg4 39. hxg4 Qf7 40. Nd2 Be7
41. Nbc4 Ne8 42. Qxf7+ Kxf7 43. Nb6 Bd8 44. Ndc4 Ke7 45. Kf3 1/2-1/2

[Event "South Wales International Open"]
[Site "Bridgend"]
[Date "2022.07.12"]
[Round "9.5"]
[White "Blackburn, Jonathan L B"]
[Black "Murphy, Hugh W"]
[Result "0-1"]
[WhiteElo "2176"]
[BlackElo "2125"]
[PlyCount "92"]
[EventDate "2022.07.07"]
[EventRounds "9"]
[EventCountry "WLS"]

1. d4 Nf6 2. c4 e6 3. Nc3 Bb4 4. e3 b6 5. Nge2 Ne4 6. Qc2 Bb7 7. a3 Bxc3+ 8.
Nxc3 Nxc3 9. Qxc3 Qh4 10. b4 O-O 11. Bb2 d6 12. d5 Qh6 13. Be2 Nd7 14. Rd1 Rae8
15. O-O f5 16. f4 Nf6 17. Rf3 Re7 18. Rh3 Qg6 19. Bf3 Qe8 20. Qe1 exd5 21. Qh4
h6 22. Qf2 Ng4 23. Bxg4 fxg4 24. Rg3 h5 25. cxd5 Bc8 26. h4 Re4 27. Rd4 Bf5 28.
Qd2 Rf7 29. Qc3 Rfe7 30. Kf2 Qb5 31. Ba1 a5 32. Bb2 axb4 33. axb4 Qa4 34. Ba1
Qa2+ 35. Bb2 Qb1 36. Qa3 Qc2+ 37. Kg1 Kh7 38. Kh2 Qf2 39. Rxe4 Bxe4 40. Qb3 Qd2
41. Bd4 b5 42. f5 Rf7 43. f6 gxf6 44. Qa3 Qc2 45. Qa1 Kg7 46. Qf1 Qc4 0-1

[Event "South Wales International Open"]
[Site "Bridgend"]
[Date "2022.07.12"]
[Round "9.6"]
[White "Bullen, Alex"]
[Black "De Coverly, Roger D"]
[Result "1-0"]
[WhiteElo "2106"]
[BlackElo "1914"]
[PlyCount "89"]
[EventDate "2022.07.07"]
[EventRounds "9"]
[EventCountry "WLS"]

1. d4 Nf6 2. Nf3 b6 3. Bg5 Bb7 4. Nbd2 g6 5. e3 Bg7 6. Bd3 c5 7. O-O O-O 8.
dxc5 bxc5 9. Bxf6 Bxf6 10. Ne4 Qb6 11. Nxf6+ Qxf6 12. e4 d6 13. Nd2 Nd7 14. Nc4
Rab8 15. c3 Nb6 16. Ne3 c4 17. Bc2 Rfc8 18. f4 Qg7 19. Rf3 Nd7 20. Rh3 Nc5 21.
Nf5 gxf5 22. Rg3 Qxg3 23. hxg3 Bxe4 24. Bxe4 Nxe4 25. Qe2 d5 26. g4 fxg4 27.
Qxg4+ Kf8 28. Qf5 Nf6 29. g4 Rc5 30. g5 Ng8 31. Qxh7 Rxb2 32. f5 Rc6 33. g6
fxg6 34. fxg6 Rf6 35. Rf1 Rbb6 36. Qh5 Rxf1+ 37. Kxf1 Rf6+ 38. Ke2 Re6+ 39. Kd2
Nf6 40. Qh8+ Ng8 41. Qh7 Rf6 42. Ke3 a6 43. Kd4 Rf3 44. Kc5 Rf5 45. g7+ 1-0

[Event "South Wales International Open"]
[Site "Bridgend"]
[Date "2022.07.12"]
[Round "9.7"]
[White "Van Kemenade, Rudy"]
[Black "Waddington, Mike P"]
[Result "0-1"]
[WhiteElo "1921"]
[BlackElo "2071"]
[PlyCount "62"]
[EventDate "2022.07.07"]
[EventRounds "9"]
[EventCountry "WLS"]

1. e4 c5 2. Nf3 Nc6 3. Bb5 g6 4. O-O Bg7 5. c3 Nf6 6. Re1 O-O 7. h3 d6 8. d4
cxd4 9. cxd4 Bd7 10. Nc3 a6 11. Bf1 Rc8 12. Be3 b5 13. a3 Na5 14. Nd2 Be6 15.
d5 Bd7 16. Rc1 Ne8 17. Rc2 f5 18. f3 Be5 19. Na2 Bg3 20. Bf2 Bxf2+ 21. Kxf2
Qb6+ 22. Kg3 Rxc2 23. Qxc2 Qg1 24. f4 fxe4 25. Nxe4 Ng7 26. Kf3 Nh5 27. g3 Bxh3
28. Qf2 Qxf2+ 29. Kxf2 Bxf1 30. Rxf1 Nc4 31. Rb1 Nxf4 0-1

[Event "South Wales International Open"]
[Site "Bridgend"]
[Date "2022.07.12"]
[Round "9.8"]
[White "Menadue, Jeremy F S"]
[Black "Gibbs, Dominic V"]
[Result "1-0"]
[WhiteElo "1989"]
[BlackElo "1873"]
[PlyCount "47"]
[EventDate "2022.07.07"]
[EventRounds "9"]
[EventCountry "WLS"]

1. d4 f5 2. Nf3 Nf6 3. h3 d5 4. Bf4 e6 5. g4 Nc6 6. Rg1 fxg4 7. hxg4 Bd6 8.
Bxd6 Qxd6 9. Nc3 Ne4 10. Qd3 Nb4 11. Qd1 O-O 12. a3 Na6 13. e3 Nxc3 14. bxc3 c5
15. Bxa6 Qxa6 16. Ne5 c4 17. f4 Qa5 18. Kd2 Qd8 19. g5 Bd7 20. Qg4 Qe7 21. Rh1
Be8 22. Rxh7 Rf5 23. Rah1 Rxe5 24. Rh8+ 1-0

[Event "South Wales International Open"]
[Site "Bridgend"]
[Date "2022.07.12"]
[Round "9.9"]
[White "Fathallah, Joe"]
[Black "Rathbone-Jones, Ifan"]
[Result "0-1"]
[WhiteElo "1912"]
[BlackElo "1936"]
[PlyCount "74"]
[EventDate "2022.07.07"]
[EventRounds "9"]
[EventCountry "WLS"]

1. b3 d5 2. Bb2 Nf6 3. f4 c5 4. Nf3 Nc6 5. g3 h5 6. Bg2 Bf5 7. e3 e6 8. d3 h4
9. Nxh4 Rxh4 10. gxh4 Ng4 11. Qe2 Qxh4+ 12. Kd2 Bd6 13. h3 Nxe3 14. Be5 Bxe5
15. fxe5 Nxc2 16. Kc1 Nxa1 17. Kb2 Qd4+ 18. Nc3 Qxd3 19. Qxd3 Bxd3 20. Rxa1
Nxe5 21. Re1 f6 22. Na4 Bb5 23. Nxc5 b6 24. Rxe5 fxe5 25. Nxe6 Kd7 26. Bxd5 Bc6
27. Bxc6+ Kxc6 28. Nxg7 Rh8 29. Kc3 Rxh3+ 30. Kc4 b5+ 31. Kb4 e4 32. Ne6 Rd3
33. Nf4 Rd2 34. a3 Rc2 35. Ne6 Kb6 36. a4 a5+ 37. Ka3 b4# 0-1

[Event "South Wales International Open"]
[Site "Bridgend"]
[Date "2022.07.12"]
[Round "9.10"]
[White "Ralphs, Nigel"]
[Black "Jukes, Sam"]
[Result "1-0"]
[WhiteElo "1964"]
[BlackElo "1906"]
[PlyCount "123"]
[EventDate "2022.07.07"]
[EventRounds "9"]
[EventCountry "WLS"]

1. e4 c5 2. Nf3 Nc6 3. Bb5 g6 4. Bxc6 dxc6 5. d3 Bg7 6. Nc3 e5 7. Be3 b6 8. h3
Ne7 9. Qd2 h6 10. O-O Be6 11. a3 f5 12. exf5 Nxf5 13. Ne4 Nd4 14. Bxd4 cxd4 15.
Qe2 O-O 16. Ng3 Qf6 17. Rae1 Rae8 18. Nd2 Qf4 19. Nge4 Re7 20. Qf3 Bd5 21. Qxf4
exf4 22. g4 f3 23. c4 dxc3 24. Nxc3 Bxc3 25. bxc3 Rfe8 26. Rxe7 Rxe7 27. c4 Re2
28. Rd1 Bf7 29. Nxf3 Ra2 30. Ne5 Rxa3 31. Nxc6 Kf8 32. Ne5 g5 33. Nxf7 Kxf7 34.
Kg2 Ke6 35. Kf3 Ke5 36. Ke3 Rb3 37. Ra1 a5 38. c5 bxc5 39. Rxa5 Kd5 40. Ra4 Rb1
41. Ra6 Rb3 42. Kd2 Rb2+ 43. Kc3 Rxf2 44. Rxh6 Rf3 45. Rh5 Kd6 46. Rxg5 Rxh3
47. Kc4 Rg3 48. Rd5+ Ke6 49. g5 Rg1 50. Rxc5 Rc1+ 51. Kd4 Rd1 52. Ra5 Re1 53.
Ra6+ Ke7 54. g6 Rg1 55. Kc4 Rc1+ 56. Kd5 Rg1 57. d4 Rg5+ 58. Kc4 Rg1 59. g7
Rc1+ 60. Kd5 Rc8 61. Rg6 Rg8 62. Rg1 1-0

[Event "South Wales International Open"]
[Site "Bridgend"]
[Date "2022.07.12"]
[Round "9.11"]
[White "Probert, Malcolm"]
[Black "Skettos, Nicolas"]
[Result "0-1"]
[WhiteElo "1572"]
[BlackElo "1972"]
[PlyCount "88"]
[EventDate "2022.07.07"]
[EventRounds "9"]
[EventCountry "WLS"]

1. Nf3 d5 2. d4 Nf6 3. g3 c5 4. Bg2 cxd4 5. Nxd4 e5 6. Nb3 h6 7. O-O Be7 8. Nc3
Be6 9. e3 Nc6 10. h3 O-O 11. Qe2 Qd7 12. Rd1 Rfd8 13. Kh2 Qc7 14. Bd2 e4 15.
Nb5 Qc8 16. N5d4 Ne5 17. Nxe6 fxe6 18. Nd4 Nc4 19. Bc3 e5 20. Nb3 Qe6 21. Nd2
Nd6 22. b3 Rac8 23. Nb1 Rc7 24. Bb2 Rdc8 25. c3 Nd7 26. Na3 a6 27. Rac1 b5 28.
Nb1 Nc5 29. Rd2 Nd3 30. Rcc2 Rf8 31. Qd1 Nf7 32. h4 Qg6 33. Bh3 h5 34. Bf1 Nh6
35. Bxd3 Ng4+ 36. Kg1 exd3 37. Rxd3 Bxh4 38. Rxd5 Nxf2 39. Rxf2 Rxf2 40. Rd8+
Kh7 41. Kxf2 Qxg3+ 42. Ke2 Qg4+ 43. Kd2 Qxd1+ 44. Kxd1 Bxd8 0-1

[Event "South Wales International Open"]
[Site "Bridgend"]
[Date "2022.07.12"]
[Round "9.12"]
[White "Spanton, Tim R"]
[Black "Robinson, David"]
[Result "1/2-1/2"]
[WhiteElo "1889"]
[BlackElo "1857"]
[PlyCount "95"]
[EventDate "2022.07.07"]
[EventRounds "9"]
[EventCountry "WLS"]

1. d4 d5 2. Nc3 Nf6 3. Bg5 Bf5 4. e3 e6 5. Bd3 Bxd3 6. cxd3 c6 7. Nf3 Nbd7 8.
Ne5 Be7 9. O-O O-O 10. f4 Ne8 11. Qh5 f6 12. Nxd7 Qxd7 13. Bh4 f5 14. Na4 Nf6
15. Qe2 Qc7 16. Rfc1 Qa5 17. Qc2 Bd6 18. Bxf6 Rxf6 19. a3 Qc7 20. b4 a6 21.
Rab1 g5 22. g3 Rg6 23. Kh1 Kh8 24. Rg1 Rag8 25. Qf2 Qg7 26. Nc5 h5 27. fxg5
Bxc5 28. bxc5 Rxg5 29. Rbf1 Rg4 30. Rb1 Qc7 31. Qb2 R4g7 32. Rbf1 Kh7 33. Rf4
Qa5 34. Qb4 Qxb4 35. axb4 Rg4 36. Rgf1 Rxf4 37. exf4 Kg6 38. Kg2 Kf6 39. Kf3 h4
40. Rg1 hxg3 41. Rxg3 Rh8 42. h3 Kf7 43. Ke2 Rh4 44. Rf3 Ke7 45. Kf2 Kf7 46.
Kg3 Rh7 47. Rf1 Kf6 48. Rh1 1/2-1/2

[Event "South Wales International Open"]
[Site "Bridgend"]
[Date "2022.07.12"]
[Round "9.14"]
[White "Turner, Joseph David"]
[Black "Gawne, Martin"]
[Result "1-0"]
[WhiteElo "1869"]
[BlackElo "1724"]
[PlyCount "55"]
[EventDate "2022.07.07"]
[EventRounds "9"]
[EventCountry "WLS"]

1. e4 c5 2. Nc3 Nc6 3. Nge2 d6 4. g3 g6 5. Bg2 Bg7 6. O-O Nf6 7. h3 Qd7 8. f4
e6 9. d3 b6 10. Be3 Bb7 11. a3 O-O 12. Qe1 Qe7 13. Nd1 Rac8 14. g4 Nd7 15. c3
a6 16. Qg3 b5 17. h4 f5 18. Nf2 Nf6 19. Bf3 fxg4 20. Nxg4 Rc7 21. Kh1 Bc8 22.
Rf2 Nxg4 23. Bxg4 Bd7 24. Raf1 Bh6 25. h5 Be8 26. Qh3 Rf6 27. Rg2 g5 28. Rfg1
1-0

[Event "South Wales International Open"]
[Site "Bridgend"]
[Date "2022.07.12"]
[Round "9.15"]
[White "Khan, Mohammed"]
[Black "Hughes, Anthony"]
[Result "1/2-1/2"]
[WhiteElo "1778"]
[BlackElo "1865"]
[PlyCount "118"]
[EventDate "2022.07.07"]
[EventRounds "9"]
[EventCountry "WLS"]

1. e4 c6 2. Nc3 d5 3. f4 dxe4 4. Nxe4 Nf6 5. Nf2 g6 6. Nf3 Bg7 7. Bc4 O-O 8.
O-O c5 9. d3 Nc6 10. Ne5 Qc7 11. Nxc6 Qxc6 12. a4 b6 13. Bb5 Qc7 14. c3 Bb7 15.
Ng4 a6 16. Bc4 Qc6 17. Rf2 Nxg4 18. Qxg4 e6 19. Bd2 b5 20. Bb3 Rad8 21. Qg3 Rd7
22. axb5 axb5 23. Raf1 Rfd8 24. Bc2 b4 25. h4 h5 26. d4 cxd4 27. f5 d3 28. fxg6
dxc2 29. gxf7+ Rxf7 30. Rxf7 Qxg2+ 31. Qxg2 Bxg2 32. Kxg2 Rxd2+ 33. R7f2 bxc3
34. bxc3 Bxc3 35. Rc1 Rxf2+ 36. Kxf2 Kf7 37. Rxc2 Be5 38. Kf3 Kf6 39. Rg2 Bc3
40. Rg5 e5 41. Rxh5 Kg6 42. Kg4 e4 43. Rc5 Bd2 44. Rd5 e3 45. Re5 Kf6 46. Re4
Kg6 47. h5+ Kh6 48. Re6+ Kh7 49. Re7+ Kh6 50. Re6+ Kh7 51. Kf5 Bc1 52. Ke4 Kg7
53. Kd5 Bd2 54. Kd6 Bb4+ 55. Kd7 Bd2 56. Ke8 Bc1 57. Rg6+ Kh7 58. Kf7 Bd2 59.
Re6 Bc1 1/2-1/2

[Event "South Wales International Open"]
[Site "Bridgend"]
[Date "2022.07.12"]
[Round "9.16"]
[White "Thomas, Roy"]
[Black "Sainbayar, Anuurai"]
[Result "1-0"]
[WhiteElo "1673"]
[BlackElo "1512"]
[PlyCount "52"]
[EventDate "2022.07.07"]
[EventRounds "9"]
[EventCountry "WLS"]

1. f4 e5 2. fxe5 d6 3. exd6 Qh4+ 4. g3 Qe4 5. Nf3 Bxd6 6. Bg2 Qg6 7. O-O Nc6 8.
d4 Nf6 9. Nh4 Qh5 10. Bf3 Bg4 11. Nc3 Nxd4 12. Bxb7 Rb8 13. Bf3 Nxf3+ 14. exf3
Bh3 15. Re1+ Kf8 16. Ne4 Nxe4 17. Rxe4 g5 18. Ng2 Qg6 19. Qd4 Rg8 20. Bd2 Qf5
21. Qd3 h5 22. Rae1 Bxg2 23. Re8+ Rxe8 24. Rxe8+ Kxe8 25. Qxf5 Bh3 26. Qd3 Kf8
1-0

[Event "South Wales International Open"]
[Site "Bridgend"]
[Date "2022.07.12"]
[Round "9.17"]
[White "Hurn, Robert Aj"]
[Black "Dixon, Chris"]
[Result "1/2-1/2"]
[WhiteElo "1605"]
[BlackElo "1696"]
[PlyCount "50"]
[EventDate "2022.07.07"]
[EventRounds "9"]
[EventCountry "WLS"]

1. d4 Nf6 2. c4 g6 3. f3 Bg7 4. e4 O-O 5. Nc3 Nc6 6. Be3 e5 7. Nge2 d6 8. d5
Nb4 9. a3 Na6 10. b4 c5 11. b5 Nc7 12. g4 b6 13. Ng3 a6 14. a4 axb5 15. axb5
Rxa1 16. Qxa1 Bd7 17. Bd3 Qa8 18. O-O Qxa1 19. Rxa1 Ra8 20. Rxa8+ Nxa8 21. Kg2
Nc7 22. Na4 Na8 23. h3 Ne8 24. Nc3 Nac7 25. Na4 Na8 1/2-1/2

[Event "South Wales International Open"]
[Site "Bridgend"]
[Date "2022.07.12"]
[Round "9.19"]
[White "Richardson, John R"]
[Black "Arkell, Keith C"]
[Result "1/2-1/2"]
[WhiteElo "2289"]
[BlackElo "2400"]
[PlyCount "32"]
[EventDate "2022.07.07"]
[EventRounds "9"]
[EventCountry "WLS"]

1. Nf3 d5 2. d4 c5 3. c3 Nd7 4. Bf4 Ngf6 5. h3 g6 6. e3 Bg7 7. Bd3 O-O 8. Nbd2
b6 9. a4 a6 10. b4 a5 11. bxc5 bxc5 12. Rb1 Ba6 13. Bb5 Bxb5 14. Rxb5 Ne4 15.
Nxe4 dxe4 16. Nd2 f5 1/2-1/2

[Event "South Wales International Open"]
[Site "Bridgend"]
[Date "2022.07.12"]
[Round "9.20"]
[White "Emblem, Mark"]
[Black "Fowler, Caspian"]
[Result "0-1"]
[WhiteElo "1437"]
[BlackElo "1483"]
[PlyCount "36"]
[EventDate "2022.07.07"]
[EventRounds "9"]
[EventCountry "WLS"]

1. Nf3 Nf6 2. b3 g6 3. Bb2 Bg7 4. e3 O-O 5. d4 c5 6. c4 d5 7. Nbd2 cxd4 8. Bxd4
Nc6 9. Bb2 Re8 10. Be2 e5 11. O-O Bg4 12. Rc1 d4 13. Nxd4 exd4 14. Bxg4 Nxg4
15. Qxg4 dxe3 16. Bxg7 exd2 17. Bh6 dxc1=Q 18. Bxc1 Qe7 0-1